000 00424nam a2200169Ia 4500
999 _c187
_d187
003 OSt
005 20210902114801.0
008 190216s9999||||xx |||||||||||||| ||und||
040 _coclc
082 _a297
_bMOO/I
100 _aNull
245 0 _aAl Izahel Mufeed Ri Llam Ah Tajuth /
260 _bMoohim Publicaion,
300 _a84p
650 _aArabic
942 _cBK
_2ddc
_h297
_iMOO/I
_k297
_mMOO/I